| 000 -LEADER |
| fixed length control field |
01569cam a22003254a 4500 |
| 001 - CONTROL NUMBER |
| control field |
15762312 |
| 005 - DATE AND TIME OF LATEST TRANSACTION |
| control field |
20170302162153.0 |
| 008 - FIXED-LENGTH DATA ELEMENTS--GENERAL INFORMATION |
| fixed length control field |
090602s2010 ilua b 001 0 eng c |
| 010 ## - LIBRARY OF CONGRESS CONTROL NUMBER |
| LC control number |
2009022743 |
| 020 ## - INTERNATIONAL STANDARD BOOK NUMBER |
| International Standard Book Number |
9780226389417 (cloth : alk. paper) |
| 040 ## - CATALOGING SOURCE |
| Original cataloging agency |
ICU/DLC |
| Transcribing agency |
DLC |
| 042 ## - AUTHENTICATION CODE |
| Authentication code |
pcc |
| 050 00 - LIBRARY OF CONGRESS CALL NUMBER |
| Classification number |
N6999.K23 |
| Item number |
J33 2010 |
| 082 00 - DEWEY DECIMAL CLASSIFICATION NUMBER |
| Classification number |
709.04/0750947 |
| Edition number |
22 |
| 100 1# - MAIN ENTRY--PERSONAL NAME |
| Personal name |
Jackson, Matthew Jesse. |
| 245 14 - TITLE STATEMENT |
| Title |
The experimental group : |
| Remainder of title |
Ilya Kabakov, Moscow conceptualism, Soviet avant-gardes / |
| Statement of responsibility, etc. |
Matthew Jesse Jackson. |
| 260 ## - PUBLICATION, DISTRIBUTION, ETC. (IMPRINT) |
| Place of publication, distribution, etc. |
Chicago ; |
| -- |
London : |
| Name of publisher, distributor, etc. |
The University of Chicago Press, |
| Date of publication, distribution, etc. |
2010. |
| 300 ## - PHYSICAL DESCRIPTION |
| Extent |
316 p. : |
| Other physical details |
ill (some col.) ; |
| Dimensions |
28 cm. |
| 504 ## - BIBLIOGRAPHY, ETC. NOTE |
| Bibliography, etc |
Includes bibliographical references and index. |
| 505 0# - FORMATTED CONTENTS NOTE |
| Formatted contents note |
Dead souls -- Bureaucratic expressionism -- Answers of the experimental group -- The rituals of nonlife -- Kasha and humanism -- The man who collected the opinions of others. |
| 600 10 - SUBJECT ADDED ENTRY--PERSONAL NAME |
| Personal name |
Kabakov, Ilʹi︠a︡ Iosifovich, |
| Dates associated with a name |
1933- |
| 650 #0 - SUBJECT ADDED ENTRY--TOPICAL TERM |
| Topical term or geographic name as entry element |
NOMA (Group of artists) |
| 650 #0 - SUBJECT ADDED ENTRY--TOPICAL TERM |
| Topical term or geographic name as entry element |
Conceptual art |
| Geographic subdivision |
Russia. |
| 650 #0 - SUBJECT ADDED ENTRY--TOPICAL TERM |
| Topical term or geographic name as entry element |
Art, Russian |
| Chronological subdivision |
20th century |
| General subdivision |
History. |
| 906 ## - LOCAL DATA ELEMENT F, LDF (RLIN) |
| a |
7 |
| b |
cbc |
| c |
orignew |
| d |
1 |
| e |
ecip |
| f |
20 |
| g |
y-gencatlg |
| 942 ## - ADDED ENTRY ELEMENTS (KOHA) |
| Source of classification or shelving scheme |
|
| Koha item type |
Hard Covered Materials |